[Event "10th A Margaryan Memorial 2020"]
[Site "Yerevan"]
[Date "2020.01.17"]
[Round "7.3"]
[White "Sturua, Zurab"]
[Black "Shahinyan, David"]
[Result "1-0"]
[WhiteElo "2530"]
[BlackElo "2444"]
[Annotator "TA"]
[PlyCount "89"]
[EventDate "2020.01.09"]
[EventType "tourn"]
[EventCountry "ARM"]
[SourceTitle "playchess.com"]
[Source "ChessBase"]
[SourceQuality "1"]

{[%evp 16,89,40,37,26,31,27,21,28,29,42,33,36,24,26,22,29,10,87,65,67,77,77,60,50,47,198,177,187,200,179,168,187,191,221,137,136,62,66,65,64,61,46,52,51,16,17,14,16,15,20,19,19,20,20,19,20,8,8,8,6,8,9,8,331,283,301,300,287,244,464,460,1291,1289,1099,1069]} 1. c4 b6 2. Nf3 e6 3. g3 Bb7 4. Bg2 f5 5. O-O Nf6 6. d3 Be7 7. b3 O-O 8. Bb2 a5 9. a3 Na6 {[%cal Bb8a6,Ba6c5,Bc5b3][%mdl 32] A10: English Opening: Unusual Replies for Black} 10. Nbd2 Qe8 11. Bc3 (11. Re1 Qh5 12. Nf1 Rae8 13. Bc3 Ba8 14. Qb1 c5 15. Ra2 d5 16. cxd5 exd5 17. d4 {1-0 (40) Fodor,T (2476)-Bawart,M (2417) Austria 2011}) 11... Qh5 {The position is equal.} 12. e3 $146 ({Predecessor:} 12. Qc2 d6 13. d4 Ne4 14. Nxe4 Bxe4 15. Qb2 {1-0 (44) Antonova,N (2004)-De Leon,P (1921) Tromsoe 2014}) 12... Nc5 13. Qc2 a4 14. b4 Nb3 $1 15. Rae1 g5 16. Qd1 Qh6 (16... c5 $11 {keeps the balance.}) 17. Ne5 $16 Bxg2 18. Kxg2 Nxd2 19. Bxd2 Bd6 20. Nf3 $1 e5 $2 ({Better is} 20... Qg6 $14) 21. e4 $18 f4 {[#]} 22. d4 $1 g4 {[#]} 23. Nh4 $1 c6 ({Don't blunder} 23... exd4 $2 24. e5 $18) 24. f3 {Strongly threatening dxe5.} Qg5 25. Nf5 gxf3+ 26. Qxf3 ({White should try} 26. Rxf3 $16 Nxe4 27. Nxd6 Nxd6 28. Rxe5) 26... Nxe4 $1 $14 27. Rxe4 Qxf5 28. dxe5 Bxe5 29. Bxf4 Bg7 30. Bd6 (30. Qe2 {keeps more tension.} Rac8 31. Re1 d5 32. Re7 Rf7 33. Re6) 30... Qxf3+ 31. Rxf3 Rxf3 32. Kxf3 $11 {[%mdl 4096] Endgame KRB-KRB} b5 33. cxb5 cxb5 34. Be5 Bh6 35. Rd4 Bc1 36. Rxd7 {Black must now prevent Rg7+.} Bxa3 37. Rg7+ Kf8 38. Rxh7 Ra6 $1 39. Rb7 Bc1 $2 {[%mdl 8192]} (39... Bxb4 $11 40. Rxb5 Be7) 40. Rxb5 $18 a3 {Hoping for ...Bb2.} 41. Ra5 Re6 42. Bd4 Ke7 $2 (42... Bb2 {might work better.} 43. Bc5+ Ke8) 43. b5 {[%cal Bb4b5,Bb5b6][%mdl 32] aiming for b6.White is clearly winning.} Kd7 (43... Bb2 $142 44. Bc5+ {[%mdl 64] Double Attack} Kd7 45. Bxa3 Bxa3 46. Rxa3 Rf6+ 47. Ke4 Re6+ 48. Kf5 Rb6) 44. b6 Re8 45. Rd5+ {Accuracy: White = 72%, Black = 54%.} 1-0

[Event "10th A Margaryan Memorial 2020"]
[Site "Yerevan"]
[Date "2020.01.17"]
[Round "7.4"]
[White "Pogosyan, Stefan"]
[Black "Galperin, Platon"]
[Result "1/2-1/2"]
[WhiteElo "2477"]
[BlackElo "2460"]
[Annotator "TA"]
[PlyCount "115"]
[EventDate "2020.01.09"]
[EventType "tourn"]
[EventCountry "ARM"]
[SourceTitle "playchess.com"]
[Source "ChessBase"]
[SourceQuality "1"]

{[%evp 9,115,9,12,13,0,0,0,-7,0,-5,-6,-25,0,0,0,0,0,0,0,0,0,-10,0,0,-5,-17,-17,-19,-13,-16,-10,-22,-22,-25,-30,-33,-25,-27,-18,-18,-12,-15,-24,-25,-16,-31,-39,-18,0,0,0,0,0,0,0,-7,0,0,0,0,25,0,0,0,0,-62,-62,-67,-60,-145,-152,-134,-121,-111,0,-143,-135,-380,-381,-679,-677,-470,-8,-8,-8,-8,-8,-8,0,0,0,0,0,0,0,0,0,0,0,0,0,0,0,0,0,-8,0,0]} 1. Nf3 f5 2. d4 Nf6 3. c4 g6 4. b4 (4. g3 Bg7 5. Bg2 O-O 6. O-O d6 7. Nc3 Nc6 8. d5 Ne5 9. Nxe5 dxe5 10. c5 Kh8 11. Qb3 h6 12. Rd1 g5 13. a4 a6 14. a5 Qe8 15. d6 exd6 16. cxd6 cxd6 17. Rxd6 Qh5 18. Nd5 Ne4 19. Bf3 Qf7 20. Bxe4 fxe4 {1-0 (31) Navara,D (2703)-Vitiugov,N (2751) Hamburg 2019}) 4... e5 5. Nxe5 Bxb4+ 6. Bd2 {A84: Dutch Defence: 2 c4 Miscellaneous} Bxd2+ 7. Nxd2 Qe7 $146 ({Predecessor:} 7... d6 8. Nd3 Nc6 9. e3 Qe7 10. Be2 Ne4 11. Nxe4 fxe4 {1-0 (31) Levin,F (2520)-Van der Elburg,F (2228) Dieren 2003}) 8. e3 f4 9. exf4 Nc6 10. d5 Nxe5 (10... Nd4 {seems wilder.} 11. Be2 O-O 12. Nef3 Nxf3+ 13. Nxf3 Ne4) 11. fxe5 Qxe5+ 12. Be2 O-O 13. O-O d6 14. Nf3 Qf4 15. Qd4 Qxd4 16. Nxd4 Ne4 17. f4 Bd7 18. Bd3 Nc5 19. Bc2 Rae8 20. g3 Re3 21. Rf3 Rfe8 22. Kf2 R3e7 23. f5 gxf5 24. Bxf5 Ne4+ 25. Kg2 Nd2 26. Bxd7 Rxd7 27. Rc3 Re4 28. Ne6 Rf7 ({Don't go for} 28... Nxc4 $2 29. Rf1 $18) 29. c5 dxc5 30. Rxc5 Re2+ 31. Kh3 Nf3 32. Rh1 h6 33. Rxc7 Rxc7 34. Nxc7 $11 {[%mdl 4096] Endgame KRN-KRN} h5 35. Ne6 Rxa2 36. g4 Rd2 37. Rf1 ({White should try} 37. Ra1 $11) 37... hxg4+ $15 38. Kg3 Rxd5 39. h3 ({White should play} 39. Ra1 $15) 39... Rd3 $17 {White must now prevent ...Nd2+.} 40. Nc5 Rc3 41. Ne4 Rd3 {Threatens to win with ...Nd2+.} 42. Nc5 $1 {[%cal Rc5d3]} Ra3 43. Rd1 $2 (43. Kf4 $17 {was the only defense.}) 43... b6 $19 44. Rd3 $2 {[#]} (44. Rd8+ Kf7 45. Nb7) 44... Rxd3 $1 45. Nxd3 {[#] KN-KN} Nd4 $2 (45... gxh3 $1 $19 46. Kxf3 Kf7) 46. hxg4 $11 {The position is equal.} Ne6 {White should prevent ...a5.} 47. Kf3 Nc5 48. Ne5 a5 49. Nc4 a4 50. Na3 Kf7 {Strongly threatening ...Ke6.} 51. Ke3 Ke6 52. Kd4 Nb7 53. Kc4 Nd6+ 54. Kb4 {[#]} b5 $1 {[%mdl 512]} 55. g5 (55. Nxb5 Nxb5) 55... Kf5 56. g6 {Hoping for g7.} Kxg6 57. Nxb5 {[#]} a3 $1 {[%mdl 512]} 58. Nxa3 {Accuracy: White = 65%, Black = 64%.} (58. Kxa3 Nxb5+) 1/2-1/2

[Event "10th A Margaryan Memorial 2020"]
[Site "Yerevan"]
[Date "2020.01.17"]
[Round "7.5"]
[White "Hayrapetyan, Hovik"]
[Black "Barseghyan, Armen Ar."]
[Result "1-0"]
[WhiteElo "2458"]
[BlackElo "2408"]
[Annotator "TA"]
[PlyCount "125"]
[EventDate "2020.01.09"]
[EventType "tourn"]
[EventCountry "ARM"]
[SourceTitle "playchess.com"]
[Source "ChessBase"]
[SourceQuality "1"]

{[%evp 16,125,32,24,36,0,20,4,19,19,14,10,10,9,23,0,113,31,37,48,41,2,11,-33,-37,-44,-45,-41,-38,-93,-96,-96,-44,-100,-71,-76,378,361,387,384,525,492,488,373,500,421,570,539,643,637,635,639,617,637,633,632,616,576,671,667,697,352,343,329,497,485,497,497,497,497,497,495,457,429,721,698,634,533,594,445,867,564,1029,1038,939,631,919,842,754,712,1372,871,5847,1920,12832,12832,12831,12834,12838,12835,12837,12837,12837,12839,12839,12837,12837,0,12839,12839,12841,12841]} 1. d4 f5 2. c4 Nf6 3. Nc3 g6 4. g3 Bg7 5. Bg2 O-O 6. Nf3 d6 7. O-O c6 8. Re1 Na6 9. b3 Qc7 {A88: Dutch Defence: Leningrad System: 5 Nf3 0-0 6 0-0 d6 7 Nc3 c6} 10. Bb2 (10. Ba3 Qa5 11. Bb2 f4 12. Qd2 fxg3 13. hxg3 Ng4 14. d5 cxd5 15. Qxd5+ Qxd5 16. cxd5 Bd7 17. Rab1 {0-1 (39) Pashikian,A (2599)-Dubov,D (2699) Batumi 2019}) 10... e5 11. e4 fxe4 {The position is equal.} 12. dxe5 exf3 $146 ({Predecessor:} 12... dxe5 13. Nxe4 Bg4 14. Qe2 Nxe4 15. Qxe4 Bxf3 16. Bxf3 Rad8 17. Bg4 Nc5 18. Bxe5 {1-0 (29) Cvitan,O (2499)-Kovacevic,B (2480) Porec 2016}) 13. exf6 Bxf6 14. Bxf3 Bf5 15. Qd2 Nc5 (15... Qg7 $11) 16. Re3 (16. g4 $1 $16 {[%cal Rg4f5]} Be6 17. b4) 16... Qg7 17. Rae1 ({Much worse is} 17. Qxd6 Nd3 $17) 17... Rad8 18. b4 Nd7 $1 19. Bg2 Nb6 $36 {[%mdl 2048] Black has some pressure.} 20. Bf1 d5 21. cxd5 cxd5 22. Nd1 {[#]} (22. Ba1 $15) 22... d4 $1 $17 {[%cal Rd4e3]} 23. Ra3 Rc8 24. Qf4 ({White should play} 24. Rxa7 $15 Nc4 25. Qf4) 24... Nd5 25. Qf3 {[#]} Nxb4 $2 {[%mdl 8192]} (25... Qf7 $1 $17 {and life is bright.} 26. Rxa7 Rfe8 27. Rxe8+ Rxe8) 26. Qb3+ $18 {[%mdl 64] Double Attack} Rf7 27. Qxb4 Be7 {[#]} 28. Rxe7 $1 Rxe7 29. Bxd4 {[%mdl 64] Double Attack} Qf7 30. Rc3 Rxc3 31. Bxc3 Rd7 32. Ne3 Be6 33. Ng4 Bxg4 34. Qxg4 {Hoping for Bc4!} h5 35. Qa4 {Bc4! is the strong threat.} Kh7 36. Qxa7 Rd1 37. Qe3 Qc7 38. Qe5 Qxe5 39. Bxe5 Re1 (39... g5 {was called for.} 40. Kg2 Kg6) 40. f4 Rd1 41. a3 Rd2 42. h3 Ra2 43. Bd6 Rd2 44. Bb4 Rc2 (44... Rd4 $142 45. h4 Rd1) 45. Bd3 Ra2 46. Kf1 Kg7 47. Be2 Kf6 (47... Ra1+ $142 48. Kf2 Rb1) 48. Kf2 g5 49. fxg5+ Kxg5 50. Ke3 Rb2 51. Be7+ Kg6 52. g4 hxg4 53. hxg4 Kf7 54. Bb4 Kg6 55. Bd3+ Kg5 56. Bf5 Ra2 57. Kd4 Re2 58. Kc5 Re7 59. Kb6 Rf7 60. Bd2+ Kh4 61. Bb4 $2 (61. Bf4 $18 Re7 62. Bd6) 61... Rg7 $2 {[%mdl 8192]} (61... Kg5 $11 62. a4 Kf6 63. Bc3+ Ke7 64. Kxb7 Kd6+ 65. Kb6 Kd5) 62. a4 Kg3 63. Bd6+ {Accuracy: White = 71%, Black = 23%.} 1-0

[Event "10th A Margaryan Memorial 2020"]
[Site "Yerevan"]
[Date "2020.01.18"]
[Round "8.1"]
[White "Sargsyan, Anna M."]
[Black "Barseghyan, Armen Ar."]
[Result "0-1"]
[WhiteElo "2382"]
[BlackElo "2408"]
[Annotator "TA"]
[PlyCount "72"]
[EventDate "2020.01.09"]
[EventType "tourn"]
[EventCountry "ARM"]
[SourceTitle "playchess.com"]
[Source "ChessBase"]
[SourceQuality "1"]

{[%evp 21,72,0,25,0,7,0,0,-32,23,10,38,0,0,7,9,0,0,-147,-154,-243,-254,-252,-224,-237,-227,-241,-243,-345,-335,-335,-333,-354,-521,-510,-517,-510,-512,-488,-472,-578,-573,-580,-483,-579,-573,-564,-548,-922,-894,-1400,-1324,-1102,-544]} 1. d4 Nf6 2. c4 c5 3. d5 e6 4. Nc3 exd5 5. cxd5 d6 6. e4 g6 7. f4 Bg7 8. Bb5+ Nfd7 9. Nf3 a6 10. Bd3 b5 {[%cal Bb7b5,Bb5b4][%mdl 32]} 11. O-O O-O 12. Re1 {A67: Modern Benoni: Taimanov Variation} (12. a3 Nf6 13. f5 Re8 14. Kh1 Nbd7 15. Bf4 Ng4 16. Bxd6 Ne3 17. Qd2 Nxf1 18. Rxf1 c4 19. Bc2 Ne5 20. Bxe5 Bxe5 21. Nxe5 Rxe5 {½-½ (38) Adhiban,B (2654)-Sek,K (2446) Moscow 2019}) 12... Re8 13. Bc2 b4 14. Ne2 $146 {The position is equal.} ({Predecessor:} 14. Na4 Nf6 15. h3 Bb7 16. Nd2 Nbd7 17. Nc4 {0-1 (24) Van Kanten,B-Spook,M Haarlem 2013}) 14... Nf6 ({Better is} 14... a5 $15) 15. Ng3 $11 Bg4 16. Be3 Nbd7 17. h3 Bxf3 18. Qxf3 Nb6 19. b3 {[#]} (19. Rac1 $11) 19... Nfxd5 $1 $17 {[%mdl 512]} 20. Bf2 (20. exd5 $17 {was worth a try.} Rxe3 21. Rxe3 Bxa1 22. Ne2) 20... Bxa1 $19 21. Rxa1 Qf6 22. Rf1 Nc3 ({Resist} 22... Nxf4 23. Be3 $17) ({Less strong is} 22... Qxf4 23. exd5 Qxf3 24. gxf3 $15) 23. Qg4 {White hopes to continue with Nh5.} Qg7 24. e5 (24. h4 $142) 24... dxe5 25. f5 Nbd5 {[%cal Bb6d5,Bd5f6,Bf6e4][%mdl 32]} 26. Qh4 e4 {White must now prevent ...g5.} 27. fxg6 {Black is clearly winning.} hxg6 28. Nxe4 {[#]} Rxe4 $1 29. Bxe4 {[#]} g5 $1 {[%cal Rg5h4]} 30. Qg4 Nf6 {[%mdl 64] Double Attack} 31. Bh7+ Kxh7 32. Qf3 Nfe4 33. Bxc5 a5 34. a3 Nxc5 35. Qf5+ Kg8 36. Qxc5 Qd4+ {Accuracy: White = 20%, Black = 67%.} 0-1

[Event "10th A Margaryan Memorial 2020"]
[Site "Yerevan"]
[Date "2020.01.18"]
[Round "8.2"]
[White "Galperin, Platon"]
[Black "Hayrapetyan, Hovik"]
[Result "0-1"]
[WhiteElo "2460"]
[BlackElo "2458"]
[Annotator "ChessBase"]
[PlyCount "78"]
[EventDate "2020.01.09"]
[EventType "tourn"]
[EventCountry "ARM"]
[SourceTitle "playchess.com"]
[Source "ChessBase"]
[SourceQuality "1"]
[TimeControl "40/5400+30:1800+30"]

1. e4 c5 2. Nf3 d6 3. Nc3 Nf6 4. e5 dxe5 5. Nxe5 Nbd7 6. d4 e6 7. Bf4 Be7 8. g3 O-O 9. Bg2 cxd4 10. Qxd4 Nh5 11. O-O-O Nxf4 12. gxf4 Nf6 13. Qxd8 Bxd8 14. Nb5 Bb6 15. Rd2 Rb8 16. Bf3 Nd5 17. Bxd5 exd5 18. Nd6 Bc5 19. Nxc8 Rbxc8 20. Rhd1 Rfe8 21. Rxd5 Bxf2 22. Ng4 Bb6 23. c3 f6 24. h3 Rc4 25. f5 Rf4 26. Kc2 h5 27. Nh2 Re2+ 28. R1d2 Rxd2+ 29. Rxd2 Rxf5 30. b4 Bc7 31. a4 g5 32. a5 Kf8 33. c4 Ke7 34. c5 a6 35. Kb3 Be5 36. Kc4 Ke6 37. b5 Rf4+ 38. Kb3 axb5 39. Rd3 g4 0-1

[Event "10th A Margaryan Memorial 2020"]
[Site "Yerevan"]
[Date "2020.01.18"]
[Round "8.3"]
[White "Shahinyan, David"]
[Black "Pogosyan, Stefan"]
[Result "1-0"]
[WhiteElo "2444"]
[BlackElo "2477"]
[Annotator "RC"]
[PlyCount "71"]
[EventDate "2020.01.09"]
[EventType "tourn"]
[EventCountry "ARM"]
[SourceTitle "playchess.com"]
[Source "ChessBase"]
[SourceQuality "1"]
[TimeControl "40/5400+30:1800+30"]

1. c4 Nf6 2. Nc3 e5 3. Nf3 Nc6 4. e4 Bb4 5. d3 d6 6. a3 Bxc3+ 7. bxc3 b6 8. g3 Ne7 9. Bg2 h6 10. O-O Bg4 11. h3 Be6 12. Nh4 Qd7 13. Nf5 Bxf5 14. exf5 Rd8 15. g4 d5 16. cxd5 Nexd5 17. c4 Ne7 18. Bb2 Nc6 19. f4 exf4 20. Qe2+ Kf8 21. Rxf4 Kg8 22. Qf2 Kh7 23. Qh4 Kg8 24. Qf2 Kh7 25. h4 Rhe8 26. g5 Nh5 27. g6+ fxg6 28. fxg6+ Kxg6 29. Bxc6 Qxc6 30. Rg4+ Kh7 31. Qf5+ Kg8 32. Qxh5 Re7 33. Rf1 Qe6 34. Re4 Qh3 35. Rf3 Qd7 36. Rg3 1-0

[Event "10th A Margaryan Memorial 2020"]
[Site "Yerevan"]
[Date "2020.01.18"]
[Round "8.4"]
[White "Davtyan, Artur"]
[Black "Sturua, Zurab"]
[Result "1-0"]
[WhiteElo "2437"]
[BlackElo "2530"]
[Annotator "TA"]
[PlyCount "127"]
[EventDate "2020.01.09"]
[EventType "tourn"]
[EventCountry "ARM"]
[SourceTitle "playchess.com"]
[Source "ChessBase"]
[SourceQuality "1"]

{[%evp 18,127,12,14,12,4,17,5,20,25,20,14,13,5,55,58,88,96,89,49,83,74,64,49,49,55,60,52,50,50,68,68,68,68,63,61,67,69,67,56,59,56,71,46,64,66,66,44,43,42,66,54,63,63,92,77,90,25,58,58,63,59,59,57,91,77,92,97,150,115,117,135,195,178,181,194,287,291,258,280,247,219,213,201,229,215,211,204,268,254,512,512,947,944,1131,1108,1022,981,882,491,483,458,1495,475,571,569,729,692,691,691,860,785]} 1. d4 Nf6 2. c4 e6 3. Nf3 d5 4. Nc3 Be7 5. g3 O-O 6. Bg2 dxc4 7. Ne5 c5 8. dxc5 Qxd1+ 9. Nxd1 Bxc5 10. O-O Nc6 {E06: Closed Catalan: Early deviations} 11. Nxc4 (11. Bxc6 bxc6 12. Be3 Bb6 13. Bxb6 axb6 14. Nc3 Bd7 15. Rfd1 Ra7 16. Rd6 Rc8 17. Nxc4 Be8 18. Nxb6 {½-½ (31) Ponomariov,R (2648)-Dominguez Perez,L (2762) Budva 2019}) 11... Rd8 12. Be3 Be7 $146 {The position is equal.} ({Predecessor:} 12... Bb4 13. Nc3 Bxc3 14. Rfd1 Bxb2 15. Rxd8+ Nxd8 16. Nxb2 Bd7 17. Rd1 Bc6 18. f3 {½-½ (41) Biardi,G (1733)-Makeev,A (1915) Chessfriend.com 2005}) 13. Bxc6 bxc6 14. Ne5 Bb7 15. Rc1 Rdc8 (15... Rac8 {seems wilder.} 16. Bxa7 c5 17. Nc3 Nd5 18. Nb5 Ba6) 16. Bc5 Nd5 17. Bxe7 Nxe7 18. Ne3 Rd8 19. Rfd1 Rxd1+ 20. Rxd1 Nd5 21. N3c4 f6 22. Nd7 Ba6 23. Rc1 e5 24. Nc5 Bxc4 25. Rxc4 $14 {[%mdl 4096] Endgame KRN-KRN} Nb6 26. Rc2 Rd8 27. Nd3 Rc8 28. b4 Kf8 29. f3 Ke7 30. Kf2 Kd6 31. Nc5 Ke7 32. Nb3 Nd7 33. e4 Nb8 34. Na5 Kd7 35. Ke3 Kc7 36. h4 Rd8 37. Nb3 (37. f4 $16) 37... Kb6 38. Nc5 Rd1 39. Rc3 Re1+ 40. Kf2 Ra1 41. a3 $1 Ra2+ 42. Ke3 h5 ({Better is} 42... a5) 43. Ne6 g6 {[#]} 44. f4 $1 Na6 (44... a5 $16) 45. fxe5 fxe5 46. Nf8 Nc7 (46... Kc7 $142 47. b5 (47. Nxg6 Kd6 $16) 47... Nb8) 47. Nd7+ $18 ({Not} 47. Nxg6 Nb5 $16) 47... Kb7 {intending ...Nb5.} 48. Nxe5 Nb5 49. Rxc6 Rxa3+ 50. Kf4 Nd4 51. Rxg6 Ne2+ 52. Kg5 {And now g4 would win.} Nxg3 {[#]} 53. Nc4 $1 {[%cal Rc4a3]} Rd3 $2 (53... Ra4 {keeps fighting.} 54. Kf4 Nh1 55. Rg7+ Ka6) 54. e5 {White is clearly winning.} Kc7 (54... Rd5 $142 55. Nd6+ Kc7 56. Rg7+ Kc6 57. b5+ Kb6) 55. Rg7+ Kc6 56. e6 Rd5+ 57. Kf6 Ne4+ 58. Kf7 Rf5+ 59. Ke7 Rf4 (59... Rb5 $142 60. Na5+ Kb6) 60. Rg6 (60. Rf7 $142 Rxh4 61. Rf5) 60... Kd5 61. Na5 Rxh4 62. Kd7 {Hoping for e7.} Rg4 63. Rh6 Ke5 {aiming for ...Nf6+.} 64. Nc6+ {Accuracy: White = 71%, Black = 29%.} 1-0

[Event "10th A Margaryan Memorial 2020"]
[Site "Yerevan"]
[Date "2020.01.17"]
[Round "8.5"]
[White "Matviishen, Viktor"]
[Black "Levin, Evgeny A."]
[Result "1/2-1/2"]
[WhiteElo "2497"]
[BlackElo "2527"]
[Annotator "TA"]
[PlyCount "41"]
[EventDate "2020.01.09"]
[EventType "tourn"]
[EventCountry "ARM"]
[SourceTitle "playchess.com"]
[Source "ChessBase"]
[SourceQuality "1"]

{[%evp 13,41,0,16,8,11,8,19,19,17,8,26,27,39,29,36,0,0,0,18,22,19,0,0,0,0,0,0,0,0,-13]} 1. d4 Nf6 2. c4 e6 3. Nf3 b6 4. g3 Ba6 5. b3 Bb4+ 6. Bd2 Be7 7. Bg2 d5 8. Ne5 {E15: Queen's Indian: 4 g3 sidelines, 4 g3 Ba6 and 4 g3 Bb7 early deviations} (8. cxd5 exd5 9. Nc3 O-O 10. O-O Re8 11. Re1 Bb7 12. Qc2 Na6 13. Rac1 c5 14. Red1 Ne4 15. Be1 Qc8 16. dxc5 Nxc3 17. Bxc3 bxc5 18. Qb2 Bf8 {½-½ (32) Abasov,N (2623)-Jakovenko,D (2749) Ankara 2018}) 8... Bb7 9. Nc3 Nbd7 10. O-O O-O 11. Rc1 c5 12. Bf4 cxd4 13. Qxd4 {[%cal Rc4d5]} Bc5 14. Qd2 Nxe5 {The position is equal.} 15. Bxe5 Ne4 $146 ({Predecessor:} 15... Ng4 16. Qf4 Nxe5 17. Qxe5 Re8 18. Rfd1 Rc8 19. cxd5 exd5 {½-½ (34) Soreghy,J-Krueger,H LSS email 2007}) 16. Nxe4 dxe4 17. Qf4 f6 18. Bc3 Bd6 19. Qe3 Bc5 20. Qf4 Bd6 21. Qe3 1/2-1/2

[Event "10th A Margaryan Memorial 2020"]
[Site "Yerevan"]
[Date "2020.01.18"]
[Round "9.1"]
[White "Levin, Evgeny A."]
[Black "Sargsyan, Anna M."]
[Result "1/2-1/2"]
[WhiteElo "2527"]
[BlackElo "2382"]
[Annotator "TA"]
[PlyCount "93"]
[EventDate "2020.01.09"]
[EventType "tourn"]
[EventCountry "ARM"]
[SourceTitle "playchess.com"]
[Source "ChessBase"]
[SourceQuality "1"]

{[%evp 20,93,16,25,28,33,32,31,29,26,37,32,33,21,26,32,32,21,29,27,28,23,58,64,59,58,62,0,0,-69,-69,-69,-69,-69,-69,-69,-68,-84,-85,-83,-50,-50,-43,-71,-68,-68,-66,-71,-71,-95,-69,-69,-69,-91,-59,-55,-56,-77,-48,-66,-18,-18,-18,-17,-8,-10,-9,-8,8,8,8,8,8,8,8,8]} 1. d4 d5 2. c4 c6 3. Nf3 ({Predecessor:} 3. Nc3 Nf6 {½-½ (35) Marquez Abreu,C (2405)-Ruggieri,O (2410) ICCF email 2016}) 3... Nf6 4. Nc3 dxc4 5. a4 Bf5 6. Ne5 Nbd7 7. Nxc4 Qc7 8. g3 e5 9. dxe5 Nxe5 10. Bf4 Nfd7 11. Bg2 g5 {D17: Slav Defence: 5 a4 Bf5: Lines with 6 Nh4 and 6 Ne5} 12. Ne3 gxf4 13. Nxf5 O-O-O {White is slightly better.} 14. Qc2 ({Much worse is} 14. gxf4 Nc5 $15) 14... Nc5 15. O-O ({Of course not} 15. gxf4 Nc4 $15) 15... fxg3 16. hxg3 a5 17. Rfd1 $146 (17. Rad1 h5 18. Rxd8+ Qxd8 19. Rd1 {0-1 (57) Riazantsev,A (2639)-Mamedov,R (2659) Moscow 2019}) 17... h5 18. Rxd8+ Qxd8 19. Rb1 Ne6 20. Na2 Bc5 {With the idea ...h4!} 21. b4 axb4 22. Nxb4 h4 23. Qe4 ({White should play} 23. Qb2 $1 $14 Nc4 {[#]} 24. Nxc6 $1 {[%mdl 512]} Nxb2 25. Nxd8 {[%mdl 64] Discovered Attack} Rxd8 26. Rxb2) 23... Qf6 $11 {Strongly threatening ...hxg3.} 24. gxh4 {[#]} ({Better is} 24. a5 $1 $11) 24... Bxf2+ $1 $15 {[%mdl 512]} 25. Kxf2 {Threatens to win with Ke1.} Rxh4 $1 {[%mdl 64] Pin} 26. Nd5 Rxe4 27. Nxf6 Rf4+ {[%mdl 64] Double Attack} 28. Kg3 {Hoping for e4.} Rxf5 29. Ne4 {Nd6+ is the strong threat.} Rh5 30. Bh3 Nc4 31. Rb4 b5 32. axb5 cxb5 33. Bg4 Re5 34. Bf3 Kd7 35. Nf6+ Kd6 36. Ne4+ Ke7 37. Nc3 Nd6 38. Nd5+ Kf8 39. e4 Ng5 40. Kf4 {The position is equal.} Nxf3 41. Kxf3 $11 {[%mdl 4096] Endgame KRN-KRN} Kg7 42. Kf4 f6 43. Rd4 Rxe4+ 44. Rxe4 Nxe4 45. Kxe4 f5+ 46. Kxf5 b4 47. Nxb4 {Accuracy: White = 69%, Black = 62%.} 1/2-1/2

[Event "10th A Margaryan Memorial 2020"]
[Site "Yerevan"]
[Date "2020.01.18"]
[Round "9.2"]
[White "Sturua, Zurab"]
[Black "Matviishen, Viktor"]
[Result "1-0"]
[WhiteElo "2530"]
[BlackElo "2497"]
[Annotator "TA"]
[PlyCount "77"]
[EventDate "2020.01.09"]
[EventType "tourn"]
[EventCountry "ARM"]
[SourceTitle "playchess.com"]
[Source "ChessBase"]
[SourceQuality "1"]

{[%evp 9,77,27,36,45,58,48,45,9,10,2,4,-17,-25,-22,-13,-24,-15,-49,-39,-43,-30,-37,-22,-18,-18,-30,-35,-39,-33,-72,-62,-92,-98,-88,-62,-63,0,5,29,21,0,12,12,14,20,0,0,0,0,0,0,0,18,0,0,0,114,132,192,60,61,61,427,407,604,539,704,564,704,693]} 1. Nf3 d5 2. g3 Nd7 3. d4 Nb6 4. Nbd2 (4. Bg2 Bf5 5. O-O e6 6. Ne5 c6 7. c4 f6 8. cxd5 fxe5 9. dxc6 e4 10. cxb7 Rb8 11. Nc3 {0-1 (89) Karjakin,S (2760)-Alekseenko,K (2674) Douglas 2019}) 4... Nf6 $146 ({Predecessor:} 4... Bf5 5. Nh4 e6 6. Nxf5 exf5 7. Bg2 Nf6 8. e3 c6 9. b3 Be7 10. c4 O-O 11. O-O {0-1 (30) Blohberger,F (2434)-Bluebaum,M (2644) Moscow 2019}) 5. b3 e6 6. Bb2 {D02: 1 d4 d5 2 Nf3 sidelines, including 2...Nf6 3 g3 and 2...Nf6 3 Bf4} a5 7. a4 Ne4 8. e3 {White is slightly better.} Bb4 9. Qc1 Nc3 10. Bd3 c5 11. O-O c4 $1 {[%cal Rc4d3]} 12. bxc4 dxc4 13. Nxc4 {Hoping for Bxc3.} Nbxa4 14. Ba3 b5 15. Bxb4 axb4 16. Ncd2 Bb7 17. Re1 O-O 18. Bf1 f6 19. Bg2 {[#]} e5 $1 {[%mdl 512]} 20. Nb3 (20. dxe5 fxe5) 20... e4 21. Nfd2 Qe7 22. Nb1 Rac8 (22... Nd5 $15) 23. Nxc3 $11 Rxc3 24. Bf1 Rfc8 25. Bxb5 Rxc2 26. Qb1 Rb2 27. Bxa4 Rxb1 28. Rexb1 Bd5 29. Nc5 f5 30. Rxb4 f4 31. Bb3 Bxb3 32. Rxb3 f3 (32... Qd6 $11) 33. Rb7 $16 Qd6 (33... Qf8 $16) 34. Raa7 (34. Nxe4 Qg6 $11) (34. h4 $1 $18) 34... Kh8 $1 $14 35. h4 $36 {[%mdl 2048] Black is under pressure.} Rg8 $2 {[%mdl 8192]} (35... h6 $1 $14 36. Rd7 (36. Rxg7 Rxc5 37. dxc5 Qd1+ 38. Kh2 Qf1 $11) (36. Nxe4 Qe6 $17) 36... Qb6) 36. Kh2 $18 Qd5 (36... Qc6 $142 37. Rf7 h6) 37. Nd7 {White is clearly winning.} h5 {[#] intending ...Qc4.} 38. Nf6 $1 {[%mdl 576] Double Attack} Qc6 {[#]} (38... gxf6 39. Rh7#) 39. Ra5 $1 {[%mdl 512] Accuracy: White = 63%, Black = 57%.} 1-0